[Event "Morbihan Ch "]
[Site "France"]
[Date "2013.02.23"]
[Round "5.21"]
[White "Orgel, Jean Marc"]
[Black "Barton, June"]
[Result "1-0"]
[WhiteElo "1260"]
[BlackElo "1499"]
[PlyCount "119"]
[EventDate "2012.10.??"]
[EventType "swiss"]
[EventRounds "7"]
[EventCountry "FRA"]
[SourceDate "2005.09.12"]

1. e4 d6 2. d4 Nf6 3. Nc3 g6 4. Nf3 Bg7 5. Bc4 O-O 6. e5 Ne8 7. O-O e6 8. exd6
Nxd6 9. Qd3 c6 10. b3 Qd7 11. Re1 Re8 12. Bb2 b5 13. Ne5 Qb7 14. Nxb5 cxb5 15.
Ba3 Nxc4 16. bxc4 bxc4 17. Nxc4 Nc6 18. Nd6 Qd7 19. Nxe8 Qxe8 20. Rad1 Bb7 21.
d5 Nd8 22. d6 Qc6 23. f3 Qb6+ 24. Kh1 Ba6 25. c4 Qf2 26. Re2 Qh4 27. Rb1 Bh6
28. Re4 Qf2 29. Rb2 Bxc4 30. Qxc4 Rc8 31. Rxf2 Rxc4 32. Rxc4 Be3 33. Rfc2 Kg7
34. Bb2+ f6 35. d7 e5 36. Rc8 Ne6 37. d8=Q Nxd8 38. Rxd8 g5 39. Bc1 Bb6 40.
Rd7+ Kg6 41. Rcc7 Bxc7 42. Rxc7 h5 43. Rxa7 g4 44. f4 e4 45. a4 h4 46. g3 Kh5
47. Ra5+ Kg6 48. f5+ Kh5 49. Bb2 Kg5 50. Rd5 hxg3 51. hxg3 e3 52. Bc3 e2 53. a5
e1=Q+ 54. Bxe1 Kh6 55. a6 Kg7 56. Rd7+ Kh6 57. a7 Kg5 58. a8=Q Kh5 59. Rg7 Kh6
60. Qh8# 1-0

[Event "Morbihan Ch "]
[Site "France"]
[Date "2013.02.22"]
[Round "5.22"]
[White "Raoul, Joël"]
[Black "Cheneau, Lionel"]
[Result "1-0"]
[WhiteElo "1260"]
[BlackElo "1460"]
[PlyCount "67"]
[EventDate "2012.10.??"]
[EventType "swiss"]
[EventRounds "7"]
[EventCountry "FRA"]
[SourceDate "2005.09.12"]

1. e4 e5 2. Nf3 Nc6 3. Bb5 Bd6 4. Nc3 a6 5. Ba4 Nf6 6. d4 O-O 7. dxe5 Bxe5 8.
Bxc6 Bxc3+ 9. bxc3 bxc6 10. O-O Nxe4 11. Qd4 Nf6 12. Bb2 d6 13. c4 c5 14. Qf4
Nh5 15. Qe4 Bd7 16. Qh4 Nf6 17. Qg3 g6 18. Qg5 Ne4 19. Qh6 f6 20. Rae1 Bc6 21.
Qh4 Rb8 22. Ba1 Rf7 23. Rxe4 g5 24. Nxg5 fxg5 25. Rg4 Rf5 26. Qh6 Qe7 27. h4
Rbf8 28. Rxg5+ Rxg5 29. hxg5 Be4 30. Re1 Qf7 31. Bf6 Bxc2 32. Re7 Qg6 33. Rg7+
Qxg7 34. Qxg7# 1-0

[Event "Morbihan Ch "]
[Site "France"]
[Date "2013.02.23"]
[Round "5.24"]
[White "Le Pointer, Mélodine"]
[Black "Josse, Emmanuelle"]
[Result "0-1"]
[WhiteElo "1199"]
[BlackElo "1477"]
[PlyCount "78"]
[EventDate "2012.10.??"]
[EventType "swiss"]
[EventRounds "7"]
[EventCountry "FRA"]
[SourceDate "2005.09.12"]

1. e4 g6 2. Nf3 Bg7 3. Bc4 f6 4. d3 d6 5. h3 e6 6. Nd4 d5 7. exd5 exd5 8. Qe2+
Qe7 9. Bxd5 Qxe2+ 10. Nxe2 Ne7 11. Nbc3 c6 12. Bc4 b5 13. Bb3 a5 14. a4 Bd7 15.
Nd4 f5 16. Ne6 Bxe6 17. Bxe6 b4 18. Ne2 Nd7 19. Bxd7+ Kxd7 20. c3 bxc3 21. bxc3
Nd5 22. Bb2 Rhe8 23. O-O Rxe2 24. Rab1 Nxc3 25. Rfe1 Rxe1+ 26. Rxe1 Re8 27. Rc1
Ne2+ 28. Kh1 Bxb2 29. Rb1 Be5 30. d4 Nxd4 31. Rb7+ Bc7 32. g3 Rb8 33. Rxb8 Bxb8
34. f4 c5 35. Kg2 Ke6 36. Kf2 Kd5 37. Ke3 h6 38. h4 c4 39. Kd2 Bd6 0-1

[Event "Morbihan Ch "]
[Site "France"]
[Date "2013.03.16"]
[Round "6.1"]
[White "Caderon, Michel"]
[Black "Landais, Romain"]
[Result "1-0"]
[WhiteElo "2013"]
[BlackElo "1896"]
[PlyCount "117"]
[EventDate "2012.10.??"]
[EventType "swiss"]
[EventRounds "7"]
[EventCountry "FRA"]
[SourceDate "2005.09.12"]

1. e4 e5 2. Nf3 Nc6 3. Bb5 a6 4. Ba4 Nf6 5. O-O Nxe4 6. d4 b5 7. Bb3 d5 8. dxe5
Be6 9. Qe2 Be7 10. Rd1 O-O 11. c4 bxc4 12. Bxc4 Bc5 13. Be3 Bxe3 14. Qxe3 Qb8
15. Bb3 Ne7 16. Nd4 Nc5 17. Nd2 Nd7 18. Ba4 Qb6 19. N2b3 Nc5 20. Nxc5 Qxc5 21.
Nxe6 Qxe3 22. fxe3 fxe6 23. Bd7 Kf7 24. Rf1+ Nf5 25. Bc6 Rab8 26. g4 Rb6 27.
Ba4 g6 28. Rac1 Rb4 29. Bd1 Rc8 30. gxf5 exf5 31. Rc6 Rb6 32. Ba4 Rxc6 33. Bxc6
Ke6 34. Rc1 Rb8 35. b3 Kxe5 36. Ba4 Ke4 37. Kf2 f4 38. exf4 Kxf4 39. Rxc7 h5
40. Bc6 d4 41. Rd7 Ke5 42. Rd5+ Ke6 43. Rxd4 Rf8+ 44. Ke2 Ke5 45. Ra4 g5 46.
Ra5+ Kd6 47. Be4 Rf4 48. Bg2 Rg4 49. Kf2 Rf4+ 50. Kg1 Rg4 51. h3 Rg3 52. Rxa6+
Kc5 53. Rf6 g4 54. Kh2 Re3 55. hxg4 hxg4 56. Rf4 Re2 57. a4 Re3 58. b4+ Kd6 59.
Rxg4 1-0

[Event "Morbihan Ch "]
[Site "France"]
[Date "2013.03.16"]
[Round "6.2"]
[White "Salaün, Michel"]
[Black "Pascot, Jean"]
[Result "0-1"]
[WhiteElo "2005"]
[BlackElo "1862"]
[PlyCount "100"]
[EventDate "2012.10.??"]
[EventType "swiss"]
[EventRounds "7"]
[EventCountry "FRA"]
[SourceDate "2005.09.12"]

1. Nf3 c5 2. g3 Nf6 3. Bg2 e6 4. O-O Nc6 5. c4 Be7 6. Re1 d5 7. Na3 Qb6 8. d3
O-O 9. Rb1 a6 10. b3 Rd8 11. Bb2 Qa5 12. Qc1 d4 13. Ra1 e5 14. Nc2 Qc7 15. e4
h6 16. Nh4 Be6 17. Nf5 Bf8 18. Rf1 Ne7 19. Nxe7+ Bxe7 20. Qd2 g5 21. Bc1 Nh7
22. Qe2 Rf8 23. Bd2 Qd7 24. f4 Bg4 25. Bf3 Bh3 26. Rf2 gxf4 27. gxf4 Bh4 28.
Kh1 Bxf2 29. Qxf2 exf4 30. Bxf4 Kh8 31. Qh4 Qe6 32. e5 Rg8 33. b4 Bg4 34. Be4
Qf5 35. Rf1 Qh5 36. Qxh5 Bxh5 37. Bxh6 Ng5 38. Bxb7 Rab8 39. Bd5 Nh3 40. Bc1
Be2 41. Bf4 Bxf1 42. Bg3 Bxd3 43. Ne1 Bg6 44. Nf3 Bh5 45. Nd2 Rxb4 46. Nb3 d3
47. Kg2 Nf4+ 48. Kf2 Nxd5 49. cxd5 Rxb3 50. e6 fxe6 0-1

[Event "Morbihan Ch "]
[Site "France"]
[Date "2013.03.16"]
[Round "6.3"]
[White "Nicolas, Stephane"]
[Black "Jolivel, Dominique"]
[Result "0-1"]
[WhiteElo "1800"]
[BlackElo "1896"]
[PlyCount "62"]
[EventDate "2012.10.??"]
[EventType "swiss"]
[EventRounds "7"]
[EventCountry "FRA"]
[SourceDate "2005.09.12"]

1. e4 d5 2. e5 c5 3. f4 e6 4. Nf3 Nc6 5. Bb5 Bd7 6. O-O Rc8 7. Bxc6 Bxc6 8. d3
Ne7 9. Nc3 g6 10. Qe1 Nf5 11. g4 Ng7 12. Ne2 Be7 13. f5 gxf5 14. Bh6 Rg8 15.
Ng3 fxg4 16. Nd2 Bh4 17. Nb3 b6 18. Qe2 Bxg3 19. hxg3 Nf5 20. Rxf5 exf5 21. e6
Qe7 22. exf7+ Kxf7 23. Qf2 Qf6 24. Rf1 Kg6 25. Bd2 Rgf8 26. Qh2 h5 27. Nc1 Rh8
28. Ne2 h4 29. Nf4+ Kf7 30. Ne2 d4 31. Rf2 hxg3 0-1

[Event "Morbihan Ch "]
[Site "France"]
[Date "2013.03.16"]
[Round "6.4"]
[White "Annetti, Laurent"]
[Black "Loizil, Joel"]
[Result "1-0"]
[WhiteElo "1875"]
[BlackElo "1709"]
[PlyCount "77"]
[EventDate "2012.10.??"]
[EventType "swiss"]
[EventRounds "7"]
[EventCountry "FRA"]
[SourceDate "2005.09.12"]

1. d4 e6 2. Nf3 Nf6 3. e3 b6 4. Bd3 Bb7 5. O-O Be7 6. c4 O-O 7. Nc3 c5 8. d5
exd5 9. cxd5 d6 10. e4 Nbd7 11. h3 Re8 12. Bf4 Qb8 13. Nd2 a6 14. a4 Ne5 15.
Be2 Nfd7 16. Bh2 Bf6 17. f4 Ng6 18. Kh1 Bc8 19. Bd3 Ra7 20. Qh5 Ngf8 21. Nc4 g6
22. Qf3 Bg7 23. Rfe1 f6 24. g4 h6 25. h4 g5 26. fxg5 hxg5 27. Nxd6 Ne5 28. Nxe8
Nxf3 29. Bxb8 Nxe1 30. Rxe1 Ra8 31. Nxg7 Kxg7 32. Bd6 Ng6 33. hxg5 fxg5 34. Rf1
Bxg4 35. Kg1 Nh4 36. e5 Nf3+ 37. Kg2 c4 38. Bc2 Rh8 39. Kg3 1-0

[Event "Morbihan Ch "]
[Site "France"]
[Date "2013.03.16"]
[Round "6.5"]
[White "Le Corre, Yves"]
[Black "Lagès, Michel"]
[Result "0-1"]
[WhiteElo "1920"]
[BlackElo "1917"]
[PlyCount "106"]
[EventDate "2012.10.??"]
[EventType "swiss"]
[EventRounds "7"]
[EventCountry "FRA"]
[SourceDate "2005.09.12"]

1. d4 e6 2. e4 d5 3. Nc3 dxe4 4. Nxe4 Nd7 5. Nf3 Ngf6 6. Ng3 b6 7. Bd3 Bb7 8.
O-O Be7 9. Qe2 O-O 10. Rd1 Qc8 11. c3 c5 12. Bf4 cxd4 13. cxd4 Nd5 14. Bd2 Qb8
15. Ne5 N7f6 16. Rac1 Rc8 17. Rxc8+ Qxc8 18. Rc1 Qf8 19. Ne4 Nxe4 20. Qxe4 g6
21. Bb1 Rc8 22. Re1 Ba8 23. Qg4 Nf6 24. Qh3 Nh5 25. Ng4 Qg7 26. Re5 Nf6 27.
Nh6+ Kh8 28. f3 Ng8 29. Be4 Bf6 30. Bxa8 Bxe5 31. dxe5 Rxa8 32. Ng4 Rd8 33. Bc3
h5 34. Qh4 Rd1+ 35. Kf2 Rd7 36. Ne3 Nh6 37. g4 hxg4 38. fxg4 g5 39. Qh3 Qh7 40.
Qf3 Ng8 41. Kg2 Ne7 42. Qf6+ Qg7 43. Qf3 Nd5 44. Nxd5 Rxd5 45. Qe4 Qg6 46. Qxg6
fxg6 47. h3 Kg8 48. Kf3 Rd3+ 49. Kg2 Kf7 50. Kh2 a5 51. a3 a4 52. Kg2 Ke7 53.
Kh2 Kd7 0-1

[Event "Morbihan Ch "]
[Site "France"]
[Date "2013.03.16"]
[Round "6.6"]
[White "Potier, Pierre"]
[Black "Duplessy, Franck"]
[Result "0-1"]
[WhiteElo "1621"]
[BlackElo "2080"]
[PlyCount "84"]
[EventDate "2012.10.??"]
[EventType "swiss"]
[EventRounds "7"]
[EventCountry "FRA"]
[SourceDate "2005.09.12"]

1. e4 c5 2. Nc3 Nc6 3. Nf3 g6 4. Bc4 Bg7 5. O-O e6 6. d3 a6 7. a3 b5 8. Ba2
Nge7 9. Ne2 Qb6 10. c3 O-O 11. Be3 d5 12. d4 c4 13. Qc2 Bd7 14. Ng3 Qc7 15.
Rae1 a5 16. Bb1 dxe4 17. Qxe4 f5 18. Qh4 f4 19. Ng5 h6 20. Nh5 hxg5 21. Qxg5
gxh5 22. Qxh5 Nf5 23. Bd2 Rf6 24. h3 Raf8 25. Re4 Nh6 26. Rfe1 Ne7 27. R1e2 Nd5
28. Qf3 Qd6 29. Re5 Be8 30. Kh1 Bg6 31. Bxg6 Rxg6 32. Rh5 Nf5 33. Re1 Rff6 34.
Re5 Nfe7 35. Rh4 Rf5 36. Re4 Rgf6 37. Qg4 Ng6 38. Rh5 Kf7 39. Qf3 Rxh5 40. Qxh5
Rf5 41. Qg4 Nf6 42. Bxf4 Nxg4 0-1

[Event "Morbihan Ch "]
[Site "France"]
[Date "2013.03.16"]
[Round "6.7"]
[White "Guegan, Michel"]
[Black "Agogue, Yann"]
[Result "1/2-1/2"]
[WhiteElo "1818"]
[BlackElo "1660"]
[PlyCount "97"]
[EventDate "2012.10.??"]
[EventType "swiss"]
[EventRounds "7"]
[EventCountry "FRA"]
[SourceDate "2005.09.12"]

1. d4 g6 2. c4 Bg7 3. Nc3 Nf6 4. e4 d6 5. Nf3 Nbd7 6. Be2 c5 7. O-O cxd4 8.
Nxd4 O-O 9. Be3 Nc5 10. f3 Bd7 11. Qd2 Ne6 12. Nc2 a6 13. Rac1 Rc8 14. Nb4 Nf4
15. Bxf4 Qb6+ 16. Be3 Qxb4 17. a3 Qa5 18. Nd5 Qxd2 19. Nxe7+ Kh8 20. Bxd2 Rce8
21. Nd5 Nxd5 22. cxd5 Bxb2 23. Rb1 Bd4+ 24. Kh1 b5 25. Bf4 Bc5 26. a4 b4 27.
Bxa6 Ra8 28. Bb5 Bxb5 29. axb5 Rab8 30. e5 Rxb5 31. exd6 Rd8 32. Rb3 Bxd6 33.
Bxd6 Rxd6 34. Rfb1 Rdxd5 35. Kg1 Rd4 36. Kf2 Rc4 37. R1b2 Kg7 38. Ke3 g5 39. g3
Re5+ 40. Kd3 Rc3+ 41. Rxc3 bxc3 42. Rc2 Rc5 43. Kd4 Rc8 44. Rxc3 Rxc3 45. Kxc3
Kf6 46. Kd4 Kf5 47. Kd5 h5 48. Kd6 h4 49. Kd5 1/2-1/2

[Event "Morbihan Ch "]
[Site "France"]
[Date "2013.03.16"]
[Round "6.8"]
[White "Sellin, Alain"]
[Black "Pouliquen, Alain"]
[Result "1-0"]
[WhiteElo "1686"]
[BlackElo "1720"]
[PlyCount "104"]
[EventDate "2012.10.??"]
[EventType "swiss"]
[EventRounds "7"]
[EventCountry "FRA"]
[SourceDate "2005.09.12"]

1. e4 d5 2. exd5 Qxd5 3. Nc3 Qa5 4. Nf3 Bg4 5. Be2 Nf6 6. O-O e6 7. Nd4 Bxe2 8.
Qxe2 c6 9. Re1 Qc7 10. Nxe6 fxe6 11. Qxe6+ Be7 12. d3 Qd7 13. Qb3 Na6 14. Bf4
O-O-O 15. Ne4 Nxe4 16. dxe4 Rhf8 17. Bg3 Qg4 18. h3 Qg6 19. e5 Rd2 20. Qe3
Rdxf2 21. Bxf2 Bc5 22. Qxc5 Nxc5 23. Bxc5 Rf5 24. Rad1 Qg3 25. Bxa7 Rg5 26. Re2
Rxe5 27. Rxe5 Qxe5 28. Bb6 Qf6 29. Rd8+ Qxd8 30. Bxd8 Kxd8 31. Kf2 Kd7 32. Ke3
Kd6 33. Kd4 h5 34. c4 c5+ 35. Ke4 Ke6 36. a3 g6 37. b4 Kd6 38. h4 b6 39. b5 Ke6
40. Kf4 Kf6 41. g3 Ke6 42. Kg5 Ke5 43. Kxg6 Kd4 44. Kxh5 Kxc4 45. g4 Kd5 46. g5
Ke6 47. g6 c4 48. g7 Kf7 49. Kh6 Kg8 50. Kg6 c3 51. h5 c2 52. h6 c1=Q 1-0

[Event "Morbihan Ch "]
[Site "France"]
[Date "2013.03.16"]
[Round "6.9"]
[White "Barton, Robin"]
[Black "Georget, Patrice"]
[Result "1/2-1/2"]
[WhiteElo "1522"]
[BlackElo "1716"]
[PlyCount "59"]
[EventDate "2012.10.??"]
[EventType "swiss"]
[EventRounds "7"]
[EventCountry "FRA"]
[SourceDate "2005.09.12"]

1. e4 c5 2. d4 cxd4 3. c3 d5 4. exd5 Qxd5 5. Nf3 Bg4 6. Be2 e5 7. O-O Nc6 8.
cxd4 Bxf3 9. Bxf3 Qxd4 10. Bxc6+ bxc6 11. Qf3 Qd5 12. Qe2 Be7 13. Nc3 Qe6 14.
f4 exf4 15. Qxe6 fxe6 16. Bxf4 Nf6 17. Rae1 Kf7 18. Re2 Rhe8 19. Be3 Kg8 20.
Rfe1 Ng4 21. Kh1 Bb4 22. Bg1 Bxc3 23. bxc3 Kf7 24. h3 Nh6 25. g4 a6 26. Bd4
Rad8 27. Rf1+ Kg8 28. Rfe1 Kf7 29. Rf1+ Kg8 30. Rfe1 1/2-1/2

[Event "Morbihan Ch "]
[Site "France"]
[Date "2013.03.16"]
[Round "6.11"]
[White "Trelohan, Henri"]
[Black "Rivalin, Patrick"]
[Result "1/2-1/2"]
[WhiteElo "1669"]
[BlackElo "1623"]
[PlyCount "100"]
[EventDate "2012.10.??"]
[EventType "swiss"]
[EventRounds "7"]
[EventCountry "FRA"]
[SourceDate "2005.09.12"]

1. c4 e5 2. g3 Nf6 3. Nc3 d5 4. cxd5 Nxd5 5. Bg2 Nb6 6. Nf3 Nc6 7. O-O Be7 8.
e3 O-O 9. b3 f5 10. d4 exd4 11. Nxd4 Bf6 12. Nce2 Nxd4 13. exd4 c6 14. Bb2 Nd5
15. Qd2 Bg5 16. f4 Bf6 17. Nc3 Nxc3 18. Qxc3 Be6 19. Rad1 Rc8 20. Qd2 Bd5 21.
Bxd5+ Qxd5 22. Qc3 Rfe8 23. Qc4 Rcd8 24. Rf2 Re4 25. Qxd5+ Rxd5 26. Rfd2 Kf7
27. Kf2 b5 28. b4 h6 29. h4 g5 30. hxg5 hxg5 31. fxg5 Bxg5 32. Rd3 Rd6 33. Kf3
Rde6 34. Bc1 Be7 35. a3 Kg6 36. d5 cxd5 37. Rxd5 a6 38. Rh1 Bg5 39. Rd3 Bxc1
40. Rxc1 Kg5 41. Rcd1 f4 42. Rd5+ Kf6 43. R1d3 fxg3 44. Kxg3 Re3+ 45. Kf2 Rxd3
46. Rxd3 Rc6 47. Ke3 Ke5 48. Kf3 Rf6+ 49. Ke3 Re6 50. Kf3 Rf6+ 1/2-1/2

[Event "Morbihan Ch "]
[Site "France"]
[Date "2013.03.16"]
[Round "6.12"]
[White "Le Garrec, Maxime"]
[Black "Le Pointer, Guilhem"]
[Result "1/2-1/2"]
[WhiteElo "1648"]
[BlackElo "1410"]
[PlyCount "165"]
[EventDate "2012.10.??"]
[EventType "swiss"]
[EventRounds "7"]
[EventCountry "FRA"]
[SourceDate "2005.09.12"]

1. e4 e5 2. Nf3 Nc6 3. Bb5 Nge7 4. d4 exd4 5. Nxd4 a6 6. Nxc6 Nxc6 7. Bxc6 dxc6
8. Qxd8+ Kxd8 9. O-O Bd6 10. Rd1 Ke7 11. Nc3 Re8 12. Re1 Kf8 13. f4 Bc5+ 14.
Be3 Bxe3+ 15. Rxe3 Be6 16. f5 Bxf5 17. Kf2 Bg6 18. Rd1 Rad8 19. Rxd8 Rxd8 20.
Rd3 Rd6 21. Ke3 Ke7 22. Rd2 b5 23. b4 Rxd2 24. Kxd2 Ke6 25. Ke3 Ke5 26. g3 f5
27. Ne2 fxe4 28. Nd4 Kd5 29. a3 h6 30. h3 Bh7 31. g4 g6 32. Nb3 g5 33. Nc5 Kc4
34. Nxe4 Bxe4 35. Kxe4 Kc3 36. Kf5 Kxc2 37. Kg6 Kb3 38. Kxh6 Kxa3 39. Kxg5 Kxb4
40. h4 c5 41. h5 c4 42. h6 c3 43. h7 c2 44. h8=Q c1=Q+ 45. Kf5 Qc5+ 46. Qe5
Qf2+ 47. Ke6 Qa2+ 48. Kf6 c5 49. Qe4+ Qc4 50. Qe1+ Qc3+ 51. Qxc3+ Kxc3 52. g5
b4 53. g6 b3 54. g7 b2 55. g8=Q b1=Q 56. Qg3+ Qd3 57. Qe1+ Kc4 58. Qe6+ Kb4 59.
Qb6+ Qb5 60. Qd8 Qc6+ 61. Kf7 Qf3+ 62. Ke6 Qe4+ 63. Kf7 Qf5+ 64. Kg7 Qg4+ 65.
Kf7 Qh5+ 66. Kg7 c4 67. Qd2+ Kb3 68. Qe3+ c3 69. Qe6+ Kb2 70. Qxa6 Qd5 71. Qf6
Qb3 72. Kg6 Ka2 73. Qa6+ Kb1 74. Qf1+ Kb2 75. Qf6 Ka1 76. Qa6+ Qa2 77. Qf6 Qg2+
78. Kf7 Qb2 79. Qf1+ Ka2 80. Qa6+ Kb3 81. Qb5+ Kc2 82. Qe2+ Kb1 83. Qd1+
1/2-1/2

[Event "Morbihan Ch "]
[Site "France"]
[Date "2013.03.16"]
[Round "6.13"]
[White "Thebaut, Herve"]
[Black "Audren, Jean"]
[Result "1-0"]
[WhiteElo "1454"]
[BlackElo "1520"]
[PlyCount "69"]
[EventDate "2012.10.??"]
[EventType "swiss"]
[EventRounds "7"]
[EventCountry "FRA"]
[SourceDate "2005.09.12"]

1. d4 d5 2. c4 dxc4 3. Nc3 e6 4. a3 Nf6 5. e4 Bd7 6. Bxc4 c6 7. e5 Nd5 8. Nxd5
cxd5 9. Bb3 Nc6 10. Be3 Be7 11. Rc1 Rc8 12. Nh3 O-O 13. O-O Qb6 14. Rb1 Na5 15.
Bc2 Nc4 16. Qh5 g6 17. Qh6 Nxe3 18. Bxg6 fxg6 19. fxe3 Qb3 20. Nf2 Rf5 21. Ng4
Rcf8 22. Rxf5 exf5 23. Nf2 Be6 24. h4 Rf7 25. Nh3 Bf8 26. Qg5 Kg7 27. h5 Be7
28. Qg3 Qd3 29. Rf1 Qe4 30. Nf4 Kh6 31. hxg6 Bg5 32. Qh3+ Kg7 33. Qxh7+ Kf8 34.
Nxe6+ Ke7 35. Qxf7# 1-0

[Event "Morbihan Ch "]
[Site "France"]
[Date "2013.03.16"]
[Round "6.14"]
[White "Biderbost, Marc"]
[Black "Marechal, Daniel"]
[Result "0-1"]
[WhiteElo "1370"]
[BlackElo "1650"]
[PlyCount "150"]
[EventDate "2012.10.??"]
[EventType "swiss"]
[EventRounds "7"]
[EventCountry "FRA"]
[SourceDate "2005.09.12"]

1. d4 Nf6 2. Nf3 g6 3. Bf4 Bg7 4. Nbd2 d6 5. e3 O-O 6. Bd3 Nc6 7. h3 Nd7 8. c3
e5 9. dxe5 Ncxe5 10. Nxe5 Nxe5 11. Nf3 Be6 12. Bxe5 dxe5 13. e4 Qe7 14. Qe2
Rad8 15. O-O-O Bxa2 16. Bc4 Bh6+ 17. Nd2 Bxc4 18. Qxc4 Rd6 19. Kc2 Rc6 20. Qb3
b6 21. Nf3 Bg7 22. Rd5 Rc5 23. Rhd1 Rxd5 24. Rxd5 Rd8 25. Qb5 Rxd5 26. Qxd5 Kf8
27. Qa8+ Qe8 28. Qxa7 Qc6 29. Qa3+ Ke8 30. Nd2 Bf8 31. Qb3 Bc5 32. f3 Be3 33.
Nf1 Bc5 34. Nd2 Bd6 35. Nc4 Ke7 36. Ne3 Kf6 37. Ng4+ Kg7 38. Qd5 Qa4+ 39. Qb3
Qa1 40. Qd5 Qa4+ 41. Qb3 Qe8 42. Kd3 h5 43. Ne3 b5 44. Nd5 c6 45. Ne3 Qd7 46.
Qc2 Bc5+ 47. Ke2 Bxe3 48. Kxe3 h4 49. b3 c5 50. Qa2 b4 51. Qa5 bxc3 52. Qxc3
Qd4+ 53. Qxd4 cxd4+ 54. Kd3 f6 55. b4 Kf7 56. f4 Ke7 57. Kc4 Kd6 58. b5 Kc7 59.
fxe5 fxe5 60. Kb4 Kb6 61. Kc4 g5 62. Kb4 d3 63. Kc3 d2 64. Kxd2 Kxb5 65. Kd3
Kb4 66. Kd2 Kc4 67. Ke3 Kc3 68. Ke2 Kd4 69. Kf3 Kd3 70. g3 hxg3 71. Kxg3 Kxe4
72. Kg4 Kd3 73. Kxg5 e4 74. Kf4 e3 75. Kf3 Kd2 0-1

[Event "Morbihan Ch "]
[Site "France"]
[Date "2013.03.16"]
[Round "6.15"]
[White "Bezy, Bernard"]
[Black "Kerriou, Jean Rene"]
[Result "1-0"]
[WhiteElo "1630"]
[BlackElo "1499"]
[PlyCount "83"]
[EventDate "2012.10.??"]
[EventType "swiss"]
[EventRounds "7"]
[EventCountry "FRA"]
[SourceDate "2005.09.12"]

1. b4 e5 2. Bb2 d6 3. e3 Nf6 4. c4 Be7 5. Nf3 Bg4 6. h3 Bh5 7. d3 Nbd7 8. Be2
O-O 9. O-O h6 10. Nc3 Re8 11. Rc1 Bf8 12. e4 a5 13. a3 axb4 14. axb4 Nh7 15.
Ra1 Rxa1 16. Qxa1 Ng5 17. Nxg5 Qxg5 18. Bc1 Qg6 19. f3 f5 20. Be3 f4 21. Bf2
Nf6 22. Qa7 c5 23. bxc5 dxc5 24. Bxc5 Bxc5+ 25. Qxc5 Nh7 26. h4 Qg3 27. Qf2 Ra8
28. Rb1 Ra3 29. Nd5 Nf8 30. Ne7+ Kh7 31. Qxg3 fxg3 32. Nf5 Ra2 33. Nxg3 Be8 34.
Rxb7 Ne6 35. Nf5 Rxe2 36. Re7 Nf4 37. Rxe8 Rxg2+ 38. Kf1 Rd2 39. Rxe5 Nxd3 40.
Rd5 Rf2+ 41. Kg1 Rxf3 42. Rd7 1-0

[Event "Morbihan Ch "]
[Site "France"]
[Date "2013.03.16"]
[Round "6.16"]
[White "Orgel, Jean Marc"]
[Black "Le Coz, Yannick"]
[Result "0-1"]
[WhiteElo "1260"]
[BlackElo "1595"]
[PlyCount "80"]
[EventDate "2012.10.??"]
[EventType "swiss"]
[EventRounds "7"]
[EventCountry "FRA"]
[SourceDate "2005.09.12"]

1. e4 e5 2. Nf3 Nc6 3. Bc4 Bc5 4. O-O d6 5. Nc3 Bg4 6. h3 Bh5 7. Nd5 Nd4 8. g4
Bg6 9. d3 c6 10. Ne3 b5 11. b4 Bxb4 12. Nxd4 exd4 13. Bd2 Bxd2 14. Qxd2 dxe3
15. Qc3 exf2+ 16. Rxf2 Nf6 17. Bb3 O-O 18. g5 Nh5 19. Qxc6 Qxg5+ 20. Rg2 Qe3+
21. Kf1 Ng3+ 22. Rxg3 Qxg3 23. e5 dxe5 24. Qg2 Bxd3+ 25. cxd3 Qxd3+ 26. Qe2
Qxh3+ 27. Qg2 Qxg2+ 28. Kxg2 a5 29. Re1 Rfe8 30. Bd5 Rac8 31. Rf1 Re7 32. Rh1
g6 33. Be4 f5 34. Bd5+ Kg7 35. Kf2 b4 36. Bb3 e4 37. Ke3 Rd7 38. Be6 Rd3+ 39.
Kf4 Rcc3 40. Rf1 Kf6 0-1

[Event "Morbihan Ch "]
[Site "France"]
[Date "2013.03.16"]
[Round "6.17"]
[White "Cheneau, Alain"]
[Black "Le Gal, Loïc"]
[Result "0-1"]
[WhiteElo "1040"]
[BlackElo "1537"]
[PlyCount "66"]
[EventDate "2012.10.??"]
[EventType "swiss"]
[EventRounds "7"]
[EventCountry "FRA"]
[SourceDate "2005.09.12"]

1. e4 e5 2. Nf3 Nc6 3. Be2 d5 4. d3 Nf6 5. Nc3 a6 6. a3 d4 7. Na4 Bd7 8. Bd2 b5
9. Nc3 dxc3 10. Bxc3 Bd6 11. b4 Qe7 12. h3 Nd4 13. Bxd4 exd4 14. Nxd4 Be5 15.
c3 c5 16. bxc5 Qxc5 17. Qd2 Bxd4 18. cxd4 Qxd4 19. O-O O-O 20. Qe3 Qe5 21. Rac1
Qb2 22. Ra1 Rfe8 23. f3 Nd5 24. Qc1 Qxe2 25. exd5 Qxd3 26. Rd1 Qg6 27. d6 Re2
28. g4 Rc8 29. Qf4 h5 30. Kf1 Rcc2 31. Re1 Qd3 32. Rad1 Rg2+ 33. Re2 Qxe2# 0-1

[Event "Morbihan Ch "]
[Site "France"]
[Date "2013.03.16"]
[Round "6.18"]
[White "Malry, Celia"]
[Black "Ruello, Dylan"]
[Result "1-0"]
[WhiteElo "1610"]
[BlackElo "1199"]
[PlyCount "73"]
[EventDate "2012.10.??"]
[EventType "swiss"]
[EventRounds "7"]
[EventCountry "FRA"]
[SourceDate "2005.09.12"]

1. c4 e5 2. Nc3 Nc6 3. a3 Bc5 4. e3 Nge7 5. b4 d6 6. bxc5 dxc5 7. Nge2 Bg4 8.
g3 O-O 9. Bg2 Qd7 10. O-O Rfd8 11. f3 Be6 12. Ne4 Bxc4 13. Nxc5 Qc8 14. Re1 b6
15. Ne4 g6 16. Qc2 Bd5 17. Nf6+ Kg7 18. Nxd5 Rxd5 19. f4 Rc5 20. Qd3 f6 21. a4
Rb8 22. Ba3 Ra5 23. Bxe7 Nxe7 24. fxe5 Rxe5 25. Qc3 Qd7 26. d4 Rg5 27. Nf4 Re8
28. Bh3 Qd6 29. Ne6+ Kf7 30. Nxg5+ fxg5 31. Rf1+ Kg7 32. d5+ Kg8 33. Be6+ Qxe6
34. dxe6 Nd5 35. Qe5 Ne7 36. Rf7 Nc6 37. Qg7# 1-0

[Event "Morbihan Ch "]
[Site "France"]
[Date "2013.03.16"]
[Round "6.19"]
[White "Maheo, Francois"]
[Black "Raoul, Joël"]
[Result "1/2-1/2"]
[WhiteElo "1499"]
[BlackElo "1260"]
[PlyCount "134"]
[EventDate "2012.10.??"]
[EventType "swiss"]
[EventRounds "7"]
[EventCountry "FRA"]
[SourceDate "2005.09.12"]

1. e4 e5 2. Bc4 Nf6 3. Nc3 d6 4. h3 Be6 5. Bxe6 fxe6 6. d3 Nc6 7. Nf3 a6 8. O-O
d5 9. exd5 exd5 10. Bg5 Be7 11. Re1 Qd6 12. a3 O-O-O 13. Qd2 h6 14. Bxf6 Bxf6
15. b4 d4 16. Ne4 Qe7 17. Nxf6 gxf6 18. Nh2 h5 19. Qe2 Qd6 20. Reb1 Qd5 21. Qf3
Qd6 22. Qe4 Qe6 23. a4 Rdg8 24. Qf3 Rg5 25. g4 Rhg8 26. Kf1 f5 27. gxf5 Rxf5
28. Qe4 Qf7 29. f3 Rf4 30. Qe2 Qg6 31. Ke1 Qg3+ 32. Kd1 Qxh3 33. Kc1 Rg2 34.
Qf1 Qxh2 35. Kb2 Rxc2+ 36. Ka3 Qd2 37. Rb3 Rc3 38. Rab1 Rxb3+ 39. Rxb3 b6 40.
Qh3+ Kb7 41. Qxh5 Qc1+ 42. Ka2 Qc2+ 43. Ka3 Qd1 44. Kb2 Rxf3 45. Qh2 Rxd3 46.
Rxd3 Qxd3 47. b5 Qc3+ 48. Kb1 axb5 49. axb5 Qb3+ 50. Kc1 Qxb5 51. Qh5 Qa5 52.
Qf3 Qc3+ 53. Qxc3 dxc3 54. Kc2 Ka6 55. Kxc3 Kb5 56. Kb3 e4 57. Kc3 Kc5 58. Kd2
Kd4 59. Ke2 Ne5 60. Kd2 e3+ 61. Ke2 c5 62. Kd1 c4 63. Kc2 b5 64. Kd1 Kd3 65.
Ke1 c3 66. Kd1 e2+ 67. Ke1 Ke3 1/2-1/2

[Event "Morbihan Ch "]
[Site "France"]
[Date "2013.03.16"]
[Round "6.20"]
[White "Girod, Bernard"]
[Black "Guetta, Claude"]
[Result "1-0"]
[WhiteElo "1560"]
[BlackElo "1499"]
[PlyCount "87"]
[EventDate "2012.10.??"]
[EventType "swiss"]
[EventRounds "7"]
[EventCountry "FRA"]
[SourceDate "2005.09.12"]

1. e4 e5 2. Nf3 Nc6 3. d4 d6 4. dxe5 dxe5 5. Qxd8+ Nxd8 6. Nxe5 Be6 7. Bd3 g6
8. Nc3 c6 9. O-O Bg7 10. Nf3 Nf6 11. Bg5 h6 12. Bh4 b6 13. Rad1 Nb7 14. Nd4 g5
15. Nxe6 gxh4 16. Nxg7+ Kf8 17. Nf5 Rg8 18. Nxh4 Rd8 19. Bc4 Re8 20. f3 Na5 21.
Be2 b5 22. a3 a6 23. Rd6 Nh5 24. f4 Rh8 25. Bxh5 Nc4 26. Rd7 Rh7 27. Nf5 Nb6
28. Rd6 Nc4 29. Rxc6 Nxb2 30. Rxa6 Rd8 31. Rd6 Rc8 32. Rf3 Nc4 33. Rxh6 Rxh6
34. Nxh6 Kg7 35. Nf5+ Kf6 36. Nd5+ Ke6 37. Bg4 Nxa3 38. Nd4+ Kd6 39. Bxc8 Kc5
40. Rxa3 Kxd4 41. g3 Kxe4 42. Rd3 f6 43. Bb7 b4 44. Ne7# 1-0